[Event "HZ Chess Tournament 2019"]
[Site "Vlissingen"]
[Date "2019.08.07"]
[Round "6.1"]
[White "Van Wely, Loek"]
[Black "L'Ami, Erwin"]
[Result "1/2-1/2"]
[WhiteElo "2608"]
[BlackElo "2622"]
[PlyCount "65"]
[EventCountry "NED"]

1. Nf3 Nf6 2. c4 g6 3. Nc3 Bg7 4. d4 O-O 5. e4 d6 6. Be2 e5 7. O-O Nc6 8. d5
Ne7 9. a4 a5 10. Ne1 Nd7 11. Nd3 f5 12. f3 f4 13. Bd2 c5 14. g3 g5 15. g4 h5
16. h3 Rf6 17. Kf2 Rh6 18. Rh1 Ng6 19. Qg1 b6 20. Ke1 Nb8 21. Nb5 Na6 22. Kd1
Qe7 23. Kc2 Bd7 24. Qf2 Kf7 25. Rag1 Rah8 26. Qf1 Bf8 27. Nf2 Ke8 28. Kd1 Qh7
29. b3 Be7 30. Be1 Qg7 31. Nc3 R8h7 32. Bd2 Qh8 33. Be1 1/2-1/2

[Event "HZ Chess Tournament 2019"]
[Site "Vlissingen"]
[Date "2019.08.07"]
[Round "6.2"]
[White "Kamsky, Gata"]
[Black "Ikonnikov, Vyacheslav"]
[Result "1-0"]
[WhiteElo "2666"]
[BlackElo "2546"]
[PlyCount "85"]
[EventCountry "NED"]

1. e4 c5 2. Nf3 Nc6 3. Nc3 e5 4. Bc4 Be7 5. d3 d6 6. Nd2 Nf6 7. Nf1 Nd7 8. Ne3
Nb6 9. O-O O-O 10. Ned5 Bg5 11. Nxb6 axb6 12. a4 Bxc1 13. Rxc1 Be6 14. b3 Nb4
15. Qd2 Qd7 16. Rce1 f5 17. Nd5 Bxd5 18. exd5 f4 19. f3 Qf5 20. c3 Na6 21. d4
exd4 22. cxd4 Nb4 23. dxc5 bxc5 24. Re6 Rad8 25. Rf2 b6 26. h3 h6 27. Rfe2 Rf6
28. Rxf6 Qxf6 29. Re6 Qf5 30. Kh2 Kh8 31. Qc3 Qg5 32. Qe1 Qf5 33. Qh4 Qg5 34.
Qxg5 hxg5 35. h4 gxh4 36. Kh3 Nc2 37. Kxh4 Nd4 38. Kg5 Nxe6+ 39. dxe6 Re8 40.
Kxf4 Kg8 41. Ke4 Kf8 42. Kd5 Ke7 43. Kc6 1-0

[Event "HZ Chess Tournament 2019"]
[Site "Vlissingen"]
[Date "2019.08.07"]
[Round "6.5"]
[White "Elgersma, Onno"]
[Black "Ortiz Suarez, Isan Reynald"]
[Result "1/2-1/2"]
[WhiteElo "2171"]
[BlackElo "2551"]
[PlyCount "122"]
[EventCountry "NED"]

1. e4 c5 2. Nf3 d6 3. Bb5+ Nc6 4. O-O Bd7 5. Re1 Nf6 6. c3 a6 7. Bc4 Bg4 8. d4
Bxf3 9. gxf3 Qc7 10. f4 cxd4 11. cxd4 e5 12. d5 Nd4 13. Bd3 g6 14. Be3 Bg7 15.
Bxd4 exd4 16. Qf3 O-O 17. Nd2 Nh5 18. Nf1 Bh6 19. f5 Nf4 20. Ng3 Rac8 21. Ne2
Nxd3 22. Qxd3 Qc2 23. Qxc2 Rxc2 24. Nxd4 Rxb2 25. fxg6 hxg6 26. Rab1 Rxa2 27.
Rxb7 Re8 28. Nc6 Bf4 29. Ra7 Kg7 30. Kg2 Ra3 31. h3 g5 32. Rb1 Rh8 33. Rbb7
Rhxh3 34. Rxf7+ Kg6 35. Rg7+ Kh5 36. Rh7+ Kg4 37. Rxa6 Rxa6 38. Rxh3 Ra2 39.
Rh7 Rd2 40. Ne7 Be5 41. Rf7 Kh5 42. Nc6 Bf4 43. Rf6 Ra2 44. Nd8 Be5 45. Rf5 Ra4
46. Nf7 Bf4 47. Rf6 Ra2 48. Nxd6 Be5 49. Re6 Bd4 50. Nf5 Ba7 51. Ng3+ Kg4 52.
Rf6 Bd4 53. Rf7 Rd2 54. Rf5 Bc5 55. Rf7 Bb6 56. Nh1 Bc5 57. Rf6 Bd4 58. Re6 Kf4
59. d6 Be5 60. Ng3 Rxd6 61. Rxd6 Bxd6 1/2-1/2

[Event "HZ Chess Tournament 2019"]
[Site "Vlissingen"]
[Date "2019.08.07"]
[Round "6.9"]
[White "Grochal, Joey"]
[Black "Elgersma, Simon"]
[Result "1-0"]
[WhiteElo "2300"]
[BlackElo "2136"]
[PlyCount "97"]
[EventCountry "NED"]

1. d4 Nf6 2. c4 g6 3. Nc3 Bg7 4. e4 d6 5. Nf3 O-O 6. Be2 e5 7. d5 Nbd7 8. Bg5
h6 9. Bh4 g5 10. Bg3 Nh5 11. h4 Nxg3 12. fxg3 g4 13. Nd2 h5 14. O-O Bh6 15. Kh2
a5 16. Bd3 Nc5 17. Bc2 Bd7 18. Qe2 f6 19. Rab1 Rf7 20. Nd1 Qe7 21. Ne3 Bxe3 22.
Qxe3 Raf8 23. b3 f5 24. exf5 Bxf5 25. Rxf5 Rxf5 26. Bxf5 Rxf5 27. a3 Kg7 28. b4
axb4 29. axb4 Nd7 30. Qd3 Qf7 31. Ne4 Qg6 32. Qe3 Nf6 33. Ng5 Rf3 34. Ne6+ Kf7
35. Qg5 Rf2 36. Nd8+ Kg7 37. Kg1 Rf5 38. Ne6+ Kf7 39. Qxg6+ Kxg6 40. Nxc7 Ne4
41. Re1 Nxg3 42. Ne8 Rf4 43. Nxd6 Kf6 44. c5 Ke7 45. Rxe5+ Kd7 46. Re3 Nf1 47.
Re4 Rf8 48. Re1 Nd2 49. Nxb7 1-0

[Event "HZ Chess Tournament 2019"]
[Site "Vlissingen"]
[Date "2019.08.07"]
[Round "6.10"]
[White "Zwirs, Jasper"]
[Black "Grooten, Herman"]
[Result "0-1"]
[WhiteElo "2110"]
[BlackElo "2374"]
[PlyCount "112"]
[EventCountry "NED"]

1. e4 e6 2. d4 d5 3. Nc3 Bb4 4. e5 Ne7 5. a3 Bxc3+ 6. bxc3 b6 7. Nf3 Ba6 8.
Bxa6 Nxa6 9. O-O Qd7 10. a4 Nb8 11. a5 Nbc6 12. axb6 cxb6 13. Nd2 Rc8 14. Nb3
a5 15. Nd2 Na7 16. Nb1 Nb5 17. Bd2 O-O 18. Qe2 Rc7 19. Qd3 Qc6 20. f4 f6 21.
Ra2 Nc8 22. Rb2 Nca7 23. Rf3 Qc4 24. Rh3 g6 25. Rg3 Rcf7 26. Be3 Kh8 27. Rh3 f5
28. Bf2 Qxd3 29. cxd3 Rc8 30. Be1 Rc6 31. Re3 Kg8 32. Kf2 Kf8 33. Ree2 h6 34.
Ke3 g5 35. h3 Ke8 36. Rf2 Nc7 37. Na3 b5 38. g4 Kd7 39. Nc2 Ra6 40. Na1 a4 41.
Rf1 Nc6 42. Nc2 a3 43. Ra2 b4 44. Nxb4 Nxb4 45. cxb4 Nb5 46. Bg3 Ra4 47. gxf5
Rxf5 48. Be1 Rxf4 49. Rxf4 gxf4+ 50. Kxf4 Nxd4 51. Ke3 Nb5 52. d4 Ra8 53. Kd3
Rf8 54. Ke3 Rf1 55. Re2 a2 56. Rxa2 Rxe1+ 0-1

[Event "HZ Chess Tournament 2019"]
[Site "Vlissingen"]
[Date "2019.08.07"]
[Round "6.11"]
[White "Nebolsina, Vera"]
[Black "Wagenvoorde, Guido"]
[Result "1/2-1/2"]
[WhiteElo "2269"]
[BlackElo "2035"]
[PlyCount "116"]
[EventCountry "NED"]

1. e4 c5 2. Nc3 e6 3. Nf3 Nc6 4. Bb5 Nge7 5. O-O a6 6. Bxc6 Nxc6 7. d4 cxd4 8.
Nxd4 Qc7 9. Nxc6 bxc6 10. Qh5 d5 11. exd5 cxd5 12. Re1 Be7 13. Qe2 Bb7 14. Qg4
O-O 15. Bf4 Qc4 16. b3 Qc6 17. Rad1 Bf6 18. Na4 Rfe8 19. c3 Rad8 20. Be5 Bxe5
21. Rxe5 f6 22. Re3 e5 23. h4 Bc8 24. Qb4 Qe6 25. Red3 e4 26. Rg3 Qf7 27. Rd4
f5 28. Re3 f4 29. Re1 f3 30. Qb6 Qf4 31. Rexe4 Qc1+ 32. Kh2 Qf1 33. Rg4 Bxg4
34. Rxg4 fxg2 35. Rxg2 Qc1 36. Qd4 Qh6 37. Nc5 Re7 38. Rg5 Qd6+ 39. Kg2 Rf7 40.
Nd3 Qf6 41. Ne5 Re7 42. f4 h6 43. Rg4 Qf5 44. Kg3 Qb1 45. Qb6 Qe1+ 46. Kh2 Qd2+
47. Kh1 Qe1+ 48. Kh2 Qd2+ 49. Kh1 Rde8 50. Qc6 Qe1+ 51. Kh2 Rxe5 52. fxe5 Qxe5+
53. Rg3 Qe2+ 54. Rg2 Qe5+ 55. Rg3 Rf8 56. Qg6 Qe2+ 57. Rg2 Qe5+ 58. Rg3 Qe2+
1/2-1/2

[Event "HZ Chess Tournament 2019"]
[Site "Vlissingen"]
[Date "2019.08.07"]
[Round "6.16"]
[White "Mesman, Edwyn"]
[Black "Hng, Mei-En Emmanuelle"]
[Result "1-0"]
[WhiteElo "2154"]
[BlackElo "2024"]
[PlyCount "107"]
[EventCountry "NED"]

1. d4 Nf6 2. c4 e6 3. Nc3 c5 4. d5 exd5 5. cxd5 d6 6. Nf3 g6 7. Nd2 Bg7 8. e4
O-O 9. Be2 Nbd7 10. O-O Nb6 11. a4 a5 12. Re1 Ne8 13. Bd3 Nc7 14. Ndb1 Na6 15.
Na3 Nb4 16. Bf4 f5 17. Qd2 Nxd3 18. Qxd3 g5 19. Bd2 Nd7 20. exf5 g4 21. Nab5
Ne5 22. Qg3 Rxf5 23. Ne4 Ra6 24. Bc3 h5 25. Qe3 h4 26. Re2 h3 27. Ng3 Rg5 28.
f4 gxf3 29. gxf3 Bd7 30. f4 Ng4 31. Qe7 Qxe7 32. Rxe7 Bxc3 33. Rxd7 Rxd5 34.
Nxc3 Rd2 35. Nge2 Nf6 36. Rxb7 d5 37. Rd1 Rc2 38. Rc1 Rd2 39. Rd1 Rc2 40. Kf2
Re6 41. Rc1 Rd2 42. Ke1 Rd3 43. Rd1 Rde3 44. Rd2 d4 45. Nd1 Rf3 46. Nf2 Nd5 47.
Rd3 Ne3 48. Rc7 c4 49. Rxd4 Nc2+ 50. Kf1 Nxd4 51. Nxd4 Rxf2+ 52. Kxf2 Rb6 53.
Rxc4 Rxb2+ 54. Kg3 1-0

[Event "HZ Chess Tournament 2019"]
[Site "Vlissingen"]
[Date "2019.08.07"]
[Round "6.17"]
[White "Boecker, Juergen"]
[Black "Van Baar, Esper"]
[Result "0-1"]
[WhiteElo "1858"]
[BlackElo "2171"]
[PlyCount "90"]
[EventCountry "NED"]

1. e4 c5 2. Nc3 d6 3. f4 Nc6 4. Bb5 Bd7 5. Nf3 g6 6. O-O Bg7 7. d3 e6 8. Bxc6
Bxc6 9. Qe1 Ne7 10. Nd1 O-O 11. c3 d5 12. Nf2 dxe4 13. dxe4 Bb5 14. Be3 Bxf1
15. Qxf1 b6 16. Qc4 Qc8 17. g4 Qb7 18. Kg2 Rac8 19. a4 a6 20. h4 b5 21. axb5
axb5 22. Qb3 c4 23. Qc2 Ra8 24. Rh1 b4 25. Bc5 bxc3 26. bxc3 Rfb8 27. Bxe7 Qxe7
28. e5 Qb7 29. h5 Qb2 30. Qe4 Ra2 31. Qd4 Qb6 32. hxg6 hxg6 33. Kg3 Qxd4 34.
Nxd4 Rd2 35. Ne4 Rd3+ 36. Kf2 Rb2+ 37. Ne2 g5 38. Nxg5 Rxc3 39. Ne4 Rcc2 40.
Re1 Bf8 41. Nf6+ Kg7 42. Ne8+ Kg6 43. Kf3 Rxe2 44. Rxe2 c3 45. Ke3 c2 0-1

[Event "HZ Chess Tournament 2019"]
[Site "Vlissingen"]
[Date "2019.08.07"]
[Round "6.18"]
[White "De Wilde, Rik"]
[Black "Krause, Thomas"]
[Result "0-1"]
[WhiteElo "2169"]
[BlackElo "2062"]
[PlyCount "98"]
[EventCountry "NED"]

1. e4 g6 2. d4 Bg7 3. Nc3 c6 4. Be3 d5 5. e5 Qb6 6. Qd2 Qxb2 7. Rb1 Qa3 8. Nf3
e6 9. Bd3 b6 10. Rb3 Qe7 11. Qe2 Nd7 12. O-O f6 13. Bf4 fxe5 14. dxe5 Nc5 15.
Rbb1 Nh6 16. Nd4 Bd7 17. Qe3 Nf7 18. Be2 O-O 19. Nf3 Rfe8 20. h4 Qf8 21. g4 Bc8
22. Rbe1 Nd7 23. Bd3 Bb7 24. Ne2 c5 25. c3 Re7 26. Ng3 d4 27. cxd4 Bxf3 28.
Qxf3 cxd4 29. Qh1 Nfxe5 30. Be4 Rc8 31. Bg5 Rf7 32. h5 Nc5 33. hxg6 hxg6 34. f4
Nxe4 35. Qxe4 Nxg4 36. Qxg6 Qa3 37. Bh4 Ne3 38. Rf3 Qxa2 39. Ne4 Rc2 40. Rg3
Nf5 41. Ng5 Rg2+ 42. Rxg2 Qxg2+ 43. Kxg2 Nxh4+ 44. Kg3 Nxg6 45. Nxf7 Kxf7 46.
Ra1 Kf6 47. Rxa7 Bh6 48. Rb7 Nxf4 49. Rxb6 d3 0-1

[Event "HZ Chess Tournament 2019"]
[Site "Vlissingen"]
[Date "2019.08.07"]
[Round "6.19"]
[White "Timmermans, Ivo"]
[Black "De Zwart, Johan"]
[Result "1/2-1/2"]
[WhiteElo "2168"]
[BlackElo "1989"]
[PlyCount "68"]
[EventCountry "NED"]

1. e4 e5 2. Nf3 Nc6 3. Bb5 a6 4. Bxc6 dxc6 5. O-O Bg4 6. h3 h5 7. d3 Qf6 8.
Nbd2 g5 9. Nc4 Bxf3 10. Qxf3 Qxf3 11. gxf3 f6 12. Rd1 O-O-O 13. Kf1 Ne7 14. Ke2
Ng6 15. Be3 Be7 16. c3 c5 17. a4 b6 18. Na3 Rhg8 19. Nc2 Kd7 20. d4 cxd4 21.
cxd4 Ke6 22. Rac1 Bd6 23. Ne1 exd4 24. Rxd4 Nf4+ 25. Bxf4 Bxf4 26. Rc6+ Rd6 27.
Rdxd6+ Bxd6 28. Nd3 Kd7 29. Rc2 Re8 30. Ne1 f5 31. Kd3 Re5 32. Ng2 Bc5 33. Ne3
Bxe3 34. Kxe3 c5 1/2-1/2

[Event "HZ Chess Tournament 2019"]
[Site "Vlissingen"]
[Date "2019.08.07"]
[Round "6.20"]
[White "Stange, Sven"]
[Black "Hoffman, Ron"]
[Result "1-0"]
[WhiteElo "2167"]
[BlackElo "1987"]
[PlyCount "77"]
[EventCountry "NED"]

1. d4 Nf6 2. c4 g6 3. Nc3 Bg7 4. e4 d6 5. Nf3 O-O 6. Be2 e5 7. d5 Na6 8. Nd2 c5
9. dxc6 bxc6 10. Nb3 Be6 11. O-O Nc7 12. Na5 Qd7 13. Qa4 c5 14. Qxd7 Bxd7 15.
Rd1 Nce8 16. f3 Rb8 17. Rb1 Rb6 18. a3 Nc7 19. b4 Ne6 20. Be3 Nd4 21. Bd3 Rc8
22. b5 Ra8 23. Bg5 Be6 24. Bxf6 Bxf6 25. Nd5 Bxd5 26. cxd5 Be7 27. Nc6 Bg5 28.
a4 f5 29. Rb2 fxe4 30. fxe4 Rb7 31. Rf1 Be3+ 32. Kh1 Rf8 33. Rxf8+ Kxf8 34. Bc4
Rf7 35. a5 Rc7 36. Rb1 Bd2 37. b6 axb6 38. axb6 Rb7 39. Ba6 1-0

[Event "HZ Chess Tournament 2019"]
[Site "Vlissingen"]
[Date "2019.08.07"]
[Round "6.21"]
[White "Van Haaften, Maarten"]
[Black "Lacrosse, Marc"]
[Result "0-1"]
[WhiteElo "1870"]
[BlackElo "2160"]
[PlyCount "36"]
[EventCountry "NED"]

1. e4 e5 2. f4 Bc5 3. Nf3 d6 4. c3 Nf6 5. d4 exd4 6. cxd4 Bb6 7. Nc3 O-O 8. Be2
Re8 9. Qd3 Nxe4 10. Nxe4 Bf5 11. Nfg5 d5 12. Nxf7 Kxf7 13. Nd6+ Qxd6 14. Qxf5+
Kg8 15. Qd3 Nc6 16. Be3 Nb4 17. Qd2 Rxe3 18. a3 Rae8 0-1

[Event "HZ Chess Tournament 2019"]
[Site "Vlissingen"]
[Date "2019.08.07"]
[Round "6.22"]
[White "Tibke, Jonas"]
[Black "Klepke, Ricardo"]
[Result "0-1"]
[WhiteElo "1937"]
[BlackElo "2267"]
[PlyCount "136"]
[EventCountry "NED"]

1. e4 d5 2. exd5 Qxd5 3. Nc3 Qd8 4. d4 Nf6 5. Bf4 g6 6. Qd2 Bg7 7. O-O-O O-O 8.
Nf3 Bg4 9. Be2 c6 10. Bh6 Qa5 11. Kb1 Nbd7 12. h3 Be6 13. Bxg7 Kxg7 14. Ng5 Bd5
15. Nxd5 Qxd2 16. Rxd2 cxd5 17. Bb5 Nb6 18. Be2 e6 19. Re1 Nc8 20. c3 Nd6 21.
Bd3 b5 22. a3 a5 23. Rc1 Rfb8 24. Ka2 Ra7 25. Nf3 Rb6 26. Ne5 Nfe8 27. g3 Rc7
28. Rdc2 Re7 29. Nf3 f6 30. Re2 Nf7 31. Rce1 Nc7 32. Nd2 e5 33. Nb3 a4 34. Nd2
e4 35. Nf1 f5 36. h4 Kf6 37. Kb1 h6 38. Kc1 g5 39. hxg5+ hxg5 40. Kd2 Nd6 41.
Bb1 f4 42. gxf4 gxf4 43. Nh2 Rg7 44. f3 e3+ 45. Kd1 Ne6 46. Ng4+ Ke7 47. Rh2
Ng5 48. Ne5 Nc4 49. Rg1 Nxe5 50. dxe5 Re6 51. Bd3 Rxe5 52. Bxb5 d4 53. Bd3 dxc3
54. bxc3 Ne6 55. Rxg7+ Nxg7 56. Rh4 Rd5 57. Ke2 Nh5 58. Bg6 Ng3+ 59. Ke1 Rd2
60. Rxf4 Rg2 61. Re4+ Nxe4 62. Bxe4 Ra2 63. Bc6 Rxa3 64. Ke2 Kd6 65. Be8 Ke5
66. Kxe3 Rxc3+ 67. Kd2 Rc4 68. Kd3 a3 0-1

[Event "HZ Chess Tournament 2019"]
[Site "Vlissingen"]
[Date "2019.08.07"]
[Round "6.23"]
[White "Oostvogels, Niek"]
[Black "Bezemer, Arno"]
[Result "0-1"]
[WhiteElo "1929"]
[BlackElo "2245"]
[PlyCount "52"]
[EventCountry "NED"]

1. e4 c5 2. Nf3 d6 3. g3 Nc6 4. Bg2 g6 5. O-O Bg7 6. c3 e5 7. d3 Nge7 8. a3 O-O
9. b4 a6 10. Nbd2 h6 11. Nb3 b6 12. Bb2 f5 13. exf5 Bxf5 14. Nh4 Bd7 15. Qe2
Be6 16. Nd2 Qd7 17. Nc4 Rab8 18. Rfe1 d5 19. Ne3 g5 20. Nf3 Qe8 21. c4 e4 22.
dxe4 dxe4 23. Rad1 exf3 24. Bxf3 Nd4 25. Bxd4 cxd4 26. Ng4 Ng6 0-1

[Event "HZ Chess Tournament 2019"]
[Site "Vlissingen"]
[Date "2019.08.07"]
[Round "6.24"]
[White "Westerweele, Maarten"]
[Black "Zevenhuizen, Daniel"]
[Result "0-1"]
[WhiteElo "1847"]
[BlackElo "2152"]
[PlyCount "90"]
[EventCountry "NED"]

1. e4 g6 2. d4 Bg7 3. Nf3 c6 4. Nc3 d5 5. Be3 dxe4 6. Nxe4 Nd7 7. h3 Ngf6 8.
Nc3 Nb6 9. Bd3 Nbd5 10. Nxd5 Nxd5 11. Qd2 Qd6 12. c3 Be6 13. O-O h6 14. c4 Nxe3
15. Qxe3 Rd8 16. Rad1 Bxd4 17. Nxd4 Qxd4 18. Qe2 Qf6 19. b3 Kf8 20. Rfe1 Kg7
21. Be4 a5 22. Rd2 Qg5 23. Red1 Rxd2 24. Qxd2 Qxd2 25. Rxd2 Ra8 26. f4 a4 27.
Kf2 axb3 28. axb3 Kf6 29. g4 Ra3 30. Rd3 b5 31. Ke3 bxc4 32. bxc4 Rxd3+ 33.
Bxd3 Bc8 34. c5 g5 35. Be4 Bd7 36. Kf3 Be8 37. Bf5 e5 38. fxg5+ Kxg5 39. Kg3 h5
40. h4+ Kh6 41. Kf3 f6 42. Be6 hxg4+ 43. Kxg4 Bh5+ 44. Kf5 Bf3 45. Kxf6 e4 0-1

[Event "HZ Chess Tournament 2019"]
[Site "Vlissingen"]
[Date "2019.08.07"]
[Round "6.25"]
[White "Sparenberg, Erik"]
[Black "Dittmar, Lars"]
[Result "*"]
[WhiteElo "2146"]
[BlackElo "1882"]
[PlyCount "87"]
[EventCountry "NED"]

1. e4 c5 2. Nf3 d6 3. d4 cxd4 4. Nxd4 Nf6 5. Nc3 g6 6. Be2 Bg7 7. O-O O-O 8.
Bg5 a6 9. a4 Nc6 10. Nf3 b6 11. Qd2 Bb7 12. Rad1 Rc8 13. Bh6 Qc7 14. Bxg7 Kxg7
15. Nd5 Nxd5 16. exd5 Na5 17. Qd4+ Kg8 18. c3 Nb3 19. Qh4 Kg7 20. Rfe1 Qd7 21.
Bd3 f6 22. Bc2 Na5 23. Rd4 b5 24. axb5 axb5 25. Rg4 Bxd5 26. Nd4 e5 27. Bf5 Qb7
28. Bxg6 Kh8 29. Nf5 Rc4 30. Rxc4 Nxc4 31. b3 Nd2 32. Qh6 Rg8 33. Qxd2 Rxg6 34.
g3 Bxb3 35. Qxd6 Qd5 36. Qf8+ Qg8 37. Qc5 Qc4 38. Qf8+ Qg8 39. Qb4 Qc4 40. Qa5
Qd3 41. Ne3 Rg8 42. Qb4 Bc4 43. Rd1 Qe2 44. Qe7 *

[Event "HZ Chess Tournament 2019"]
[Site "Vlissingen"]
[Date "2019.08.07"]
[Round "6.26"]
[White "Van Dijkhuizen, Robbert"]
[Black "Mijnster, Niels"]
[Result "0-1"]
[WhiteElo "1819"]
[BlackElo "2139"]
[PlyCount "68"]
[EventCountry "NED"]

1. d4 Nf6 2. c4 e6 3. Nc3 Bb4 4. e3 b6 5. Bd3 Bb7 6. Nf3 O-O 7. O-O d5 8. Qe2
c5 9. a3 Bxc3 10. bxc3 Nc6 11. Bb2 dxc4 12. Bxc4 Rc8 13. Rfd1 Na5 14. Bd3 c4
15. Bc2 Qd5 16. Ne1 e5 17. dxe5 Qxe5 18. Nf3 Qb5 19. a4 Qh5 20. Ba3 Rfe8 21.
Rd4 Be4 22. Rad1 Nb3 23. Rd6 Bxc2 24. Qxc2 Qa5 25. Bb4 Qxa4 26. Qf5 Nc5 27.
Bxc5 Rxc5 28. Qh3 Ne4 29. Rd8 Nxc3 30. Qd7 Qxd7 31. R1xd7 Kf8 32. Rxe8+ Kxe8
33. Rxa7 Ne2+ 34. Kf1 c3 0-1

[Event "HZ Chess Tournament 2019"]
[Site "Vlissingen"]
[Date "2019.08.07"]
[Round "6.27"]
[White "Rosmuller, Anton"]
[Black "Leentjens, Gilbert"]
[Result "1-0"]
[WhiteElo "2073"]
[BlackElo "1869"]
[PlyCount "51"]
[EventCountry "NED"]

1. g3 Nf6 2. Bg2 g6 3. f4 d5 4. Nf3 Bg7 5. O-O O-O 6. d3 d4 7. c4 Ng4 8. Na3 c5
9. Nc2 Nc6 10. Rb1 a5 11. a3 a4 12. b4 axb3 13. Rxb3 Qc7 14. Bd2 Bd7 15. h3 Ne3
16. Nxe3 dxe3 17. Bxe3 b6 18. Qc1 Ra6 19. Bd2 Re8 20. e3 e5 21. Bc3 Na5 22. Rb1
e4 23. dxe4 Bxc3 24. Qxc3 Rxe4 25. Ne5 Bf5 26. Rbd1 1-0

[Event "HZ Chess Tournament 2019"]
[Site "Vlissingen"]
[Date "2019.08.07"]
[Round "6.28"]
[White "Snijders, Frans"]
[Black "Van der Zalm, Marnix"]
[Result "1/2-1/2"]
[WhiteElo "1876"]
[BlackElo "2062"]
[PlyCount "48"]
[EventCountry "NED"]

1. e4 d6 2. d4 g6 3. Nf3 Nf6 4. Nc3 Bg7 5. h3 a6 6. a4 b6 7. Be3 e6 8. Qd2 Bb7
9. Bd3 O-O 10. O-O Nc6 11. Ne2 Ne7 12. Ng3 d5 13. e5 Nd7 14. Bh6 Nf5 15. Nxf5
exf5 16. Rfe1 Re8 17. Qf4 Nf8 18. Bxg7 Kxg7 19. Qg3 Kh8 20. Ng5 Qe7 21. Qh4 Kg7
22. c3 h6 23. Nf3 Qxh4 24. Nxh4 a5 1/2-1/2

[Event "HZ Chess Tournament 2019"]
[Site "Vlissingen"]
[Date "2019.08.07"]
[Round "6.29"]
[White "Pang, Khai Jie Ryan"]
[Black "Kraemer, Max"]
[Result "0-1"]
[WhiteElo "1770"]
[BlackElo "2041"]
[PlyCount "62"]
[EventCountry "NED"]

1. e4 e5 2. Nf3 Nc6 3. Bb5 Nf6 4. d3 Bc5 5. O-O d6 6. h3 Bd7 7. c3 Qe7 8. Re1
h6 9. Nbd2 g5 10. Bxc6 Bxc6 11. d4 Bb6 12. Nc4 O-O-O 13. Nxb6+ cxb6 14. Nh2
Rdg8 15. Ng4 Nxg4 16. hxg4 h5 17. gxh5 g4 18. d5 Bd7 19. h6 g3 20. f3 Qh4 21.
c4 Qh2+ 22. Kf1 Qh1+ 23. Ke2 Qxg2+ 24. Kd3 f5 25. Qe2 Qxe2+ 26. Kxe2 f4 27. Rh1
Rg6 28. h7 Rg7 29. Bd2 Rgxh7 30. Rhg1 Rh2+ 31. Kd3 Rf2 0-1

[Event "HZ Chess Tournament 2019"]
[Site "Vlissingen"]
[Date "2019.08.07"]
[Round "6.30"]
[White "Berghuis, Marten"]
[Black "Baete, Guy"]
[Result "1-0"]
[WhiteElo "2031"]
[BlackElo "1838"]
[PlyCount "53"]
[EventCountry "NED"]

1. e4 d6 2. d4 e5 3. Nf3 Nd7 4. Nc3 Ngf6 5. h3 Be7 6. Be3 O-O 7. Qd2 exd4 8.
Nxd4 Nc5 9. f3 Bd7 10. O-O-O a5 11. g4 Na4 12. Nxa4 Bxa4 13. Nf5 Bd7 14. h4 Be6
15. Kb1 Nd7 16. f4 Nb8 17. h5 Nc6 18. g5 f6 19. Bh3 Bc8 20. g6 h6 21. Rdg1 Qe8
22. Qd5+ Kh8 23. Nxh6 gxh6 24. g7+ Kh7 25. gxf8=Q Qxf8 26. Bxc8 Rxc8 27. Rg6
1-0

[Event "HZ Chess Tournament 2019"]
[Site "Vlissingen"]
[Date "2019.08.07"]
[Round "6.31"]
[White "Haak, Eelco"]
[Black "Smit, Manuel"]
[Result "1-0"]
[WhiteElo "2003"]
[BlackElo "1831"]
[PlyCount "81"]
[EventCountry "NED"]

1. d4 Nf6 2. c4 g6 3. Nc3 Bg7 4. e4 d6 5. f3 O-O 6. Be3 c6 7. Qd2 a6 8. Bh6 Qa5
9. O-O-O b5 10. Kb1 Nbd7 11. h4 b4 12. Nce2 c5 13. h5 e5 14. g4 Ra7 15. Bxg7
Kxg7 16. hxg6 fxg6 17. Qh6+ Kg8 18. g5 cxd4 19. gxf6 Nxf6 20. Nh3 d5 21. exd5
Nxd5 22. cxd5 Bf5+ 23. Ka1 Bc2 24. Qd2 Bxd1 25. Qxd1 Qxd5 26. Ng5 Rf5 27. Ne4
Raf7 28. Bg2 Kg7 29. N2g3 Rf4 30. Ng5 h6 31. Nxf7 Rxf7 32. Qd2 h5 33. f4 Qd6
34. f5 Rf6 35. Ne4 Qb6 36. Nxf6 Qxf6 37. fxg6 h4 38. Be4 a5 39. Qc1 Qe7 40.
Rxh4 Qxh4 41. Qc7+ 1-0

[Event "HZ Chess Tournament 2019"]
[Site "Vlissingen"]
[Date "2019.08.07"]
[Round "6.32"]
[White "Reichardt, Gert"]
[Black "Hahnen, Elke"]
[Result "1-0"]
[WhiteElo "1987"]
[BlackElo "1803"]
[PlyCount "49"]
[EventCountry "NED"]

1. e4 c6 2. Nc3 d5 3. Nf3 g6 4. d4 dxe4 5. Nxe4 Bg7 6. Bc4 Nf6 7. Nxf6+ Bxf6 8.
Bh6 Qa5+ 9. c3 Qb6 10. Qd2 a5 11. O-O Bg4 12. Ng5 Bxg5 13. Bxg5 f6 14. Bh6 Kd7
15. Qf4 Be6 16. Bxe6+ Kxe6 17. Qe4+ Kf7 18. Rfe1 e5 19. dxe5 f5 20. e6+ Ke8 21.
Qe5 Rg8 22. Qf6 Qc7 23. Rad1 Qe7 24. Qxe7+ Kxe7 25. Bg5+ 1-0

[Event "HZ Chess Tournament 2019"]
[Site "Vlissingen"]
[Date "2019.08.07"]
[Round "6.33"]
[White "De Boer, Robert"]
[Black "Brandstaetter, Mark Pieter"]
[Result "1-0"]
[WhiteElo "1976"]
[BlackElo "1652"]
[PlyCount "53"]
[EventCountry "NED"]

1. e4 c5 2. c3 e6 3. d4 Nf6 4. e5 Nd5 5. Nf3 Nc6 6. Bc4 Nb6 7. Bb3 cxd4 8. cxd4
d6 9. Qe2 dxe5 10. dxe5 Bc5 11. O-O Qc7 12. Nc3 Nd4 13. Nxd4 Bxd4 14. Bf4 Bxc3
15. Rac1 Bd7 16. Rxc3 Bc6 17. Rfc1 Qe7 18. Be3 Nd5 19. Bxd5 exd5 20. Bc5 Qe6
21. Qe3 O-O-O 22. Bd6 Rhe8 23. Rxc6+ bxc6 24. Rxc6+ Kb7 25. Rc7+ Ka6 26. Rxa7+
Kb5 27. Qc5# 1-0

[Event "HZ Chess Tournament 2019"]
[Site "Vlissingen"]
[Date "2019.08.07"]
[Round "6.34"]
[White "Wagner, Margarethe"]
[Black "Le Clercq, Maxim"]
[Result "0-1"]
[WhiteElo "1660"]
[BlackElo "1970"]
[PlyCount "98"]
[EventCountry "NED"]

1. e4 c5 2. Nf3 e6 3. d4 cxd4 4. Nxd4 Nc6 5. Nc3 Qc7 6. Be3 a6 7. Be2 Nf6 8.
O-O Be7 9. f4 d6 10. Kh1 O-O 11. Bf3 Na5 12. Qe1 Nc4 13. Bc1 Nd7 14. b3 Bf6 15.
Nde2 Na5 16. Bb2 Nc6 17. Qd2 Rd8 18. Na4 b5 19. Bxf6 Nxf6 20. Nb2 Bb7 21. c4
Ne7 22. Ng3 Ng6 23. Qe3 Nh4 24. Rac1 Qa5 25. a4 bxa4 26. Nxa4 Bc6 27. Nc3 Nxf3
28. gxf3 Rab8 29. Ra1 Qb6 30. Qxb6 Rxb6 31. Rfb1 Rdb8 32. Ra3 Nd7 33. Nge2 Nc5
34. Nc1 f5 35. exf5 Bxf3+ 36. Kg1 exf5 37. Kf2 Bc6 38. Rb2 Re8 39. Re2 Reb8 40.
Rb2 Rf8 41. Rd2 Rf6 42. Re2 Rh6 43. Ke3 Rh3+ 44. Kd2 Rf3 45. Kc2 Be4+ 46. Kb2
Rxf4 47. Nxe4 fxe4 48. Kc3 Rf1 49. Kd2 Rh1 0-1

[Event "HZ Chess Tournament 2019"]
[Site "Vlissingen"]
[Date "2019.08.07"]
[Round "6.35"]
[White "Westerweele, Henrik"]
[Black "Braun, Eric"]
[Result "1-0"]
[WhiteElo "1961"]
[BlackElo "1602"]
[PlyCount "37"]
[EventCountry "NED"]

1. e4 c5 2. c3 g6 3. d4 cxd4 4. cxd4 d5 5. exd5 Nf6 6. Nc3 Nxd5 7. h3 Nc6 8.
Nf3 Bg7 9. Bc4 Be6 10. Qb3 Na5 11. Qb5+ Kf8 12. Bxd5 a6 13. Qb4 Bxd5 14. Nxd5
Qxd5 15. O-O Bf6 16. Bh6+ Kg8 17. Rac1 Qh5 18. Qd2 Nc6 19. Rc5 1-0

[Event "HZ Chess Tournament 2019"]
[Site "Vlissingen"]
[Date "2019.08.07"]
[Round "6.36"]
[White "Verbruggen, Samuel"]
[Black "Ng, Eng Soon Derrick"]
[Result "1-0"]
[WhiteElo "1960"]
[BlackElo "1190"]
[PlyCount "65"]
[EventCountry "NED"]

1. e4 c5 2. Nf3 e6 3. d4 cxd4 4. Nxd4 a6 5. Bd3 Bc5 6. Nb3 Ba7 7. c4 Nc6 8. Nc3
d6 9. O-O Nf6 10. Bf4 h6 11. Rc1 e5 12. Bd2 Ng4 13. Be2 h5 14. g3 Be6 15. Nd5
Nxf2 16. Rxf2 Bxf2+ 17. Kxf2 Bxd5 18. cxd5 Qf6+ 19. Kg2 Ne7 20. Na5 b6 21. Qa4+
b5 22. Qa3 Qg6 23. Bf3 O-O 24. Nb7 f5 25. Qxd6 fxe4 26. Be2 Qxd6 27. Nxd6 e3
28. Bxe3 Nxd5 29. Bc5 Rfd8 30. Bf3 Ne3+ 31. Bxe3 Rab8 32. Bd5+ Kh7 33. Bc5 1-0